Statistics for MOD Pizza Menu Quiz

Click here to take the quiz!

General Stats

  • This quiz has been taken 3 times
  • The average score is 18 of 21

Answer Stats

CategoryAnswer% Correct
Pocket
Pie
4 Cheese
100%
SaladCaesar
100%
PizzaCalexico
100%
PizzaCaspian
100%
PizzaDillon James
100%
PizzaDominic
100%
SaladGarden
100%
SaladGreek
100%
SaladItalian Chop
100%
PizzaJasper
100%
PizzaLucy
Sunshine
100%
PizzaMad Dog
100%
PizzaMaddy
100%
SideCheesy Garlic
Bread
67%
Pocket
Pie
Chicken Bacon
Ranch
67%
DessertCinnaslice
67%
DessertNo Name Cake
67%
Salad/
Pizza
Pizza Salad
67%
PizzaTristian
67%
Pocket
Pie
Italiano
33%
SideWings 6 Count
33%

Score Distribution

Percentile by Number Answered

Percent of People with Each Score

Your Score History

You have not taken this quiz